War and its discontents (Record no. 22353)

MARC details
000 -LEADER
fixed length control field 00450cam a2200181 a 4500
020 ## - INTERNATIONAL STANDARD BOOK NUMBER
ISBN 0878406034 (alk. paper)
082 00 - DEWEY DECIMAL CLASSIFICATION NUMBER
Classification number 291.17873
Author Cutter BUR
245 00 - TITLE STATEMENT
Title War and its discontents
260 ## - PUBLICATION, DISTRIBUTION, ETC. (IMPRINT)
Place of publication Washington, D.C. :
Name of publisher Georgetown University Press,
Year of publication 1996.
300 ## - PHYSICAL DESCRIPTION
Number of Pages xi, 220 p. ;
650 #0 - SUBJECT ADDED ENTRY--TOPICAL TERM
Topical Term Nonviolence
650 #0 - SUBJECT ADDED ENTRY--TOPICAL TERM
Topical Term Pacifism
650 #0 - SUBJECT ADDED ENTRY--TOPICAL TERM
Topical Term War
650 #0 - SUBJECT ADDED ENTRY--TOPICAL TERM
Topical Term Peace
650 #0 - SUBJECT ADDED ENTRY--TOPICAL TERM
Topical Term Just war doctrine
942 ## - ADDED ENTRY ELEMENTS (KOHA)
Koha item type Books
700 1# -
-- Burns, J. Patout.
Holdings
Home library Current library Shelving location Date acquired Full call number Accession Number Koha item type
Henry Martyn Institute Library Henry Martyn Institute Library General stacks 10/23/2018 291.17873 BUR 11003720 Books
                   Copyright © 2026 | Henry Martyn Institute | Hyderabad | TS-500052 | INDIA | Implemented by hmi.edu.in
Hit-Count:

Powered by Koha